Manual de derecho procesal

Uloženo v:
Podrobná bibliografie
Hlavní autor: Casarino Viterbo, Mario (autor)
Médium: Kniha
Jazyk:španělština
Vydáno: Santiago, Chile Jurídica de Chile: 2000-2002
Vydání:Quinta edición
Edice:Colección Manuales Jurídicos, 25, 55, 59
Témata:
Tagy: Přidat tag
Žádné tagy, Buďte první, kdo vytvoří štítek k tomuto záznamu!

MARC

LEADER 00000nam a2200000 a 4500
001 UCM5694
003 CL-VaPUC
005 20240819151145.0
008 021018e20020700CL |||||||||||||||||spa|d
999 |c 301554  |d 301552 
020 |a 9561009706t.2 
020 |a 9561011638t.4 
020 |a 9561012278t.5 
040 |c Pontificia Universidad Católica de Valparaíso 
082 0 4 |a 347.83 CAS 2000  |2 21 
082 0 4 |a 347.83 CAS 2002  |2 21 
100 |a Casarino Viterbo, Mario  |e autor  |9 890114 
245 1 0 |a Manual de derecho procesal 
250 |a Quinta edición 
260 |a Santiago, Chile  |b Jurídica de Chile:  |c 2000-2002 
300 |a 5 tomos. 
490 0 |a Colección Manuales Jurídicos, 25, 55, 59 
500 |a t.2: Actualización realizada por el Departamento de Derecho Procesal, Universidad de Chile, Director del Departamento señor Roberto Nahum Anuch (2002) 
500 |a t.4: Quinta edición actualizada por el Departamento de Derecho Procesal de la Facultad de Derecho de la Universidad de Chile, bajo la dirección del Director del Departamento don Roberto Nahum Anuch y revisada por su autor, señor Mario Casarino Viterbo 
500 |a t.5: Quinta edición actualizada al 15 de marzo de 1998, por la profesora del Departamento de Derecho Procesal de la Escuela de Derecho de la Universidad de Chile, señora María Teresa Hoyos de la Barrera y el ayudante señor Eugenio Labarca Birke, bajo la supervisión del anterior Director del Departamento, señor Roberto Nahum Anuch, y revisada por el autor, señor Mario Casarino Viterbo 
505 |a t.2: Derecho Procesal Orgánico 
505 |a t.4-5: Derecho Procesal Civil 
583 |a last modification  |c 20021018 00:00:00  |k Rodrigo Vera 
650 0 |a Arbitraje  |x Derecho procesal orgánico  |9 890112 
650 7 |a Magistrados judiciales  |9 471779 
650 7 |a Responsabilidad judicial  |9 374036 
650 0 |a Administración de justicia  |9 382749 
650 0 |a Asistencia judicial   |9 254864 
650 7 |a Prueba instrumental  |9 385034 
650 0 |a Prueba testimonial  |9 370024 
650 7 |a Prueba confesional  |9 471782 
650 7 |a Prueba pericial  |9 258499 
650 0 |a Nulidad procesal   |9 336734 
650 0 |a Recursos procesales  |9 255595 
650 0 |a Juicio ejecutivo  |9 254866 
650 7 |a Juicio sumario  |9 254868 
942 |c BK  |2 ddc 
945 |d 20021018 00:00:00  |a vberengu 
952 |0 0  |1 0  |4 0  |6 347_830000000000000_CAS_2002  |7 0  |8 A  |9 360654  |a BIBDER  |b BIBDER  |d 2019-11-21  |h t.II  |i 4026799  |o 347.83 CAS 2002  |p 4026799  |r 2023-01-25  |w 2019-11-21  |y BK  |k DER